Obálka
Pro půjčování e-knih musíte být přihlášeni.
Jak si půjčit online?

Dceřina kletba /

Starý zločin si žádá nové oběti. Třetí z řady krimithrillerů české autorky, nesoucích názvy Erbenových balad.

Uloženo v:
Série:Tomáš Vyskočil a Honza Richter, část 3
Hlavní autor: Bartošová, Tereza, 1985- (Autor)
Další autoři: Žáček, Jan, 1963- (Autor), Hruška, Martin, 1967-2024 (Režisér)
Médium: E-audiokniha
Jazyk:Czech
Vydáno: Praha : Voxi, [2024]
Témata:
Příbuzné jednotky:Z cyklu:: Tomáš Vyskočil a Honza Richter
Tagy:
Žádné tagy
LEADER 06570nim a2201573 i 4500
001 313230
003 CZ PrSKC
005 20260601215738.0
007 sd fungnnmmned
008 240906t20242024xr nnnng f n cze
015 |a cnb003630815 
024 3 |a 8594050437999 
040 |a ABA001  |b cze  |e rda 
072 7 |a 821.162.3-3  |x Česká próza  |2 Konspekt 
080 |a 821.162.3-31  |2 MRF 
080 |a (0:82-312.4)  |2 MRF 
080 |a (086.7)08  |2 MRF 
080 |a (086.76)  |2 MRF 
100 1 |a Bartošová, Tereza,  |d 1985-  |7 xx0282310  |4 aut 
245 1 0 |a Dceřina kletba /  |c Tereza Bartošová 
264 1 |a Praha :  |b Voxi,  |c [2024] 
264 4 |c ©2024 
300 |a 1 audiodisk (9 hod., 47 min.) ;  |c 12 cm 
306 |a 094700 
336 |a mluvené slovo  |b spw  |2 rdacontent 
337 |a audio  |b s  |2 rdamedia 
338 |a audiodisk  |b sd  |2 rdacarrier 
344 |a digital  |b optical  |2 rda 
347 |a audio soubor  |b MP3  |2 rda 
500 |a Název z disku 
500 |a Copyright Albatros Media 
500 |a Nezkrácená audiokniha ve formátu MP3 
500 |a Podle stejnojmenné knihy vydané nakladatelstvím Motto v roce 2024 
508 |a Režie Jan Žáček 
511 0 |a Čte Martin Hruška 
520 2 |a Starý zločin si žádá nové oběti. Třetí z řady krimithrillerů české autorky, nesoucích názvy Erbenových balad.  |b Poručík Tomáš Vyskočil má velký problém. Je blonďatý, rafinovaný a odhodlaný pořádně mu zavařit. Zatímco se Tomášovo manželství ocitá v ohrožení, je uprostřed Příbrami nalezen těžce podchlazený opilec, který po pár hodinách v nemocnici umírá. Taková smrt by kriminálku mohla nechat v klidu, kdyby se ovšem dotyčný nedávno nezmínil, že mu někdo usiluje o život. A tak se Tomáš s kolegou Honzou Richterem pouštějí do vyšetřování zločinu, po jehož vyřešení nikdo netouží. Nakladatelská anotace. 
655 7 |a české romány  |7 fd133974  |2 czenas 
655 7 |a detektivní romány  |7 fd132010  |2 czenas 
655 7 |a audioknihy  |7 fd119452  |2 czenas 
655 7 |a kompaktní disky  |7 fd201991  |2 czenas 
655 9 |a Czech fiction  |2 eczenas 
655 9 |a detective novels  |2 eczenas 
655 9 |a audiobooks  |2 eczenas 
655 9 |a compact discs  |2 eczenas 
700 1 |a Žáček, Jan,  |d 1963-  |7 xx0001354  |4 drt 
700 1 |a Hruška, Martin,  |d 1967-2024  |7 xx0006751  |4 nrt 
787 0 8 |i Z cyklu:  |t Tomáš Vyskočil a Honza Richter  |g 3 
900 |a ABA001  |b 19 
044 |a xr 
505 0 0 |t Prolog (6 min., 31 sek.) 
505 0 0 |t Kapitola 1 (5 min., 34 sek.) 
505 0 0 |t Kapitola 2 (15 min., 22 sek.) 
505 0 0 |t Kapitola 3 (8 min., 57 sek.) 
505 0 0 |t Kapitola 4 (6 min., 59 sek.) 
505 0 0 |t Kapitola 5 (5 min., 36 sek.) 
505 0 0 |t Kapitola 6 (4 min., 6 sek.) 
505 0 0 |t Kapitola 7 (8 min., 54 sek.) 
505 0 0 |t Kapitola 8 (9 min., 21 sek.) 
505 0 0 |t Kapitola 9 (10 min., 4 sek.) 
505 0 0 |t Kapitola 10 (5 min., 16 sek.) 
505 0 0 |t Kapitola 11 (3 min., 53 sek.) 
505 0 0 |t Kapitola 12 (6 min., 0 sek.) 
505 0 0 |t Kapitola 13 (26 min., 44 sek.) 
505 0 0 |t Kapitola 14 (5 min., 36 sek.) 
505 0 0 |t Kapitola 15 (4 min., 53 sek.) 
505 0 0 |t Kapitola 16 (15 min., 8 sek.) 
505 0 0 |t Kapitola 17 (7 min., 44 sek.) 
505 0 0 |t Kapitola 18 (7 min., 21 sek.) 
505 0 0 |t Kapitola 19 (9 min., 29 sek.) 
505 0 0 |t Kapitola 20 (4 min., 53 sek.) 
505 0 0 |t Kapitola 21 (3 min., 16 sek.) 
505 0 0 |t Kapitola 22 (6 min., 12 sek.) 
505 0 0 |t Kapitola 23 (13 min., 49 sek.) 
505 0 0 |t Kapitola 24 (8 min., 21 sek.) 
505 0 0 |t Kapitola 25 (10 min., 6 sek.) 
505 0 0 |t Kapitola 26 (6 min., 46 sek.) 
505 0 0 |t Kapitola 27 (3 min., 17 sek.) 
505 0 0 |t Kapitola 28 (3 min., 26 sek.) 
505 0 0 |t Kapitola 29 (2 min., 26 sek.) 
505 0 0 |t Kapitola 30 (8 min., 28 sek.) 
505 0 0 |t Kapitola 31 (5 min., 37 sek.) 
505 0 0 |t Kapitola 32 (6 min., 23 sek.) 
505 0 0 |t Kapitola 33 (6 min., 31 sek.) 
505 0 0 |t Kapitola 34 (3 min., 15 sek.) 
505 0 0 |t Kapitola 35 (4 min., 20 sek.) 
505 0 0 |t Kapitola 36 (8 min., 5 sek.) 
505 0 0 |t Kapitola 37 (6 min., 29 sek.) 
505 0 0 |t Kapitola 38 (12 min., 32 sek.) 
505 0 0 |t Kapitola 39 (9 min., 44 sek.) 
505 0 0 |t Kapitola 40 (10 min., 12 sek.) 
505 0 0 |t Kapitola 41 (2 min., 38 sek.) 
505 0 0 |t Kapitola 42 (10 min., 32 sek.) 
505 0 0 |t Kapitola 43 (8 min., 15 sek.) 
505 0 0 |t Kapitola 44 (10 min., 55 sek.) 
505 0 0 |t Kapitola 45 (2 min., 39 sek.) 
505 0 0 |t Kapitola 46 (1 min., 32 sek.) 
505 0 0 |t Kapitola 47 (8 min., 19 sek.) 
505 0 0 |t Kapitola 48 (3 min., 54 sek.) 
505 0 0 |t Kapitola 49 (12 min., 43 sek.) 
505 0 0 |t Kapitola 50 (6 min., 13 sek.) 
505 0 0 |t Kapitola 51 (4 min., 29 sek.) 
505 0 0 |t Kapitola 52 (3 min., 56 sek.) 
505 0 0 |t Kapitola 53 (3 min., 17 sek.) 
505 0 0 |t Kapitola 54 (9 min., 27 sek.) 
505 0 0 |t Kapitola 55 (2 min., 12 sek.) 
505 0 0 |t Kapitola 56 (3 min., 23 sek.) 
505 0 0 |t Kapitola 57 (5 min., 44 sek.) 
505 0 0 |t Kapitola 58 (7 min., 21 sek.) 
505 0 0 |t Kapitola 59 (11 min., 48 sek.) 
505 0 0 |t Kapitola 60 (13 min., 31 sek.) 
505 0 0 |t Kapitola 61 (3 min., 56 sek.) 
505 0 0 |t Kapitola 62 (6 min., 20 sek.) 
505 0 0 |t Kapitola 63 (8 min., 8 sek.) 
505 0 0 |t Kapitola 64 (5 min., 7 sek.) 
505 0 0 |t Kapitola 65 (3 min., 7 sek.) 
505 0 0 |t Kapitola 66 (5 min., 8 sek.) 
505 0 0 |t Kapitola 67 (13 min., 8 sek.) 
505 0 0 |t Kapitola 68 (2 min., 48 sek.) 
505 0 0 |t Kapitola 69 (5 min., 42 sek.) 
505 0 0 |t Kapitola 70 (8 min., 45 sek.) 
505 0 0 |t Kapitola 71 (4 min., 14 sek.) 
505 0 0 |t Kapitola 72 (3 min., 43 sek.) 
505 0 0 |t Kapitola 73 (9 min., 6 sek.) 
505 0 0 |t Kapitola 74 (3 min., 38 sek.) 
505 0 0 |t Kapitola 75 (9 min., 3 sek.) 
505 0 0 |t Kapitola 76 (4 min., 54 sek.) 
505 0 0 |t Kapitola 77 (8 min., 56 sek.) 
505 0 0 |t Kapitola 78 (9 min., 17 sek.) 
505 0 0 |t Kapitola 79 (10 min., 15 sek.) 
505 0 0 |t Kapitola 80 (5 min., 37 sek.) 
505 0 0 |t Epilog (5 min., 25 sek.) 
910 |a RBIT002 
998 |d 399651  |a https://core.palmknihy.cz/api/books/399651/cover?shcg5m  |b https://core.palmknihy.cz/api/books/399651/cover/400?shcg5m  |c https://core.palmknihy.cz/api/books/399651/cover/50?shcg5m  |e 2033-12-31  |i 8594050437999  |l 35220  |q 49  |r 1  |s https://www.palmknihy.cz/kniha/399651  |t audiobook  |y 2024  |z 0 
999 |d 313228